00429 2200157 4500001002100000005001500021035002000036245008500056100002200141300002600163260003000189082000800219084001400227020001800241990001200259INLIS00000000000183020250508104937 a0010-05250001221 aUndang - Undang Nomor 13 Tahun 2003 Tentang Ketenagakerjaan /cTim Visi Yustisia0 aTim Visi Yustisia a144 hlm ;c14 x 21 cm a2015 :bVisi Media,c2015 a340 a340 TIM u a979-065-255-0 a0754774